00606 2200205 4500001002100000005001500021035002000036007000300056008004100059020001800100082000800118084001400126100002300140245007600163250003000239260003400269300004600303650001900349504003200368INLIS00000000000476720260702083847 a0010-0726000016ta260702 g 0 ind  a979-526-966-6 a658 a658 SON f0 aSondang P. Siagian1 aFungsi-Fungsi Manajerial - Edisi Revisi /cSondang P. Siagian (Penulis) aCetakan Kedua, April 2007 aJakarta :bBumi Aksara,c2007 ax; 184 Hal :bTeks; Tabel; Gambar ;c23cm 4aManajemen Umum aBibliografi Halaman 181-184